[Event "Baku op"]
[Site "Baku"]
[Date "2012.09.26"]
[Round "5"]
[White "Guliyeva, Sabina Ilqar"]
[Black "Musaev, Eldar Elman"]
[Result "1-0"]
[WhiteElo "2051"]
[BlackElo "2226"]
[PlyCount "62"]
[EventDate "2012.09.22"]
[EventType "swiss"]
[EventRounds "9"]
[EventCountry "AZE"]
[SourceTitle "CBM 150 Extra"]
[Source "ChessBase"]
[SourceDate "2012.10.19"]
[SourceVersion "1"]
[SourceVersionDate "2012.10.19"]
[SourceQuality "1"]

1. e4 e5 2. Nf3 Nf6 3. Nxe5 d6 4. Nf3 Nxe4 5. Nc3 Nf6 6. d4 Be7 7. h3 0-0 8. Bd3 Re8 9. Be3 c6 10. Qd2 Nbd7 11. 0-0 Nf8 12. Ne2 Nd5 13. Bg5 Bxg5 14. Nxg5 h6 15. Nf3 Qf6 16. Nh2 Ne6 17. Rae1 Bd7 18. Bc4 Nb6 19. Bb3 Re7 20. Ng3 d5 21. c3 Rae8 22. Nh5 Qg6 23. g4 Nf8 24. Rxe7 Rxe7 25. Nf3 Qd6 26. Re1 Ng6 27. Rxe7 Qxe7 28. Qe3 Qd6 29. Ne5 Nxe5 30. Qxe5 Qxe5 31. dxe5 c5 1-0

[Event "EU-ch U18 Girls"]
[Site "Albena"]
[Date "2011.09.20"]
[Round "9"]
[White "Arabidze, Meri"]
[Black "Guliyeva, Sabina Ilqar"]
[Result "1-0"]
[WhiteElo "2332"]
[BlackElo "2007"]
[PlyCount "97"]
[EventDate "2011.09.11"]
[EventType "swiss"]
[EventRounds "9"]
[EventCountry "BUL"]
[SourceTitle "CBM 144 Extra"]
[Source "ChessBase"]
[SourceDate "2011.10.28"]
[SourceVersion "1"]
[SourceVersionDate "2011.10.28"]
[SourceQuality "1"]

1. d4 Nf6 2. c4 g6 3. Nc3 d5 4. cxd5 Nxd5 5. e4 Nxc3 6. bxc3 Bg7 7. Be3 c5 8. Qd2 Qa5 9. Rb1 cxd4 10. cxd4 Qxd2+ 11. Kxd2 b6 12. Nf3 0-0 13. Bd3 Ba6 14. Rhc1 Bxd3 15. Kxd3 Na6 16. a3 Rfd8 17. Ke2 Rd7 18. g4 Rad8 19. h4 h6 20. Rc6 Nc7 21. a4 Ne8 22. Rbc1 e6 23. Rc8 Kf8 24. Ne5 Rxd4 25. Bxd4 Rxd4 26. Nc6 Rxe4+ 27. Kf3 Rxa4 28. g5 hxg5 29. hxg5 Ra3+ 30. Kg2 Rc3 31. Rd1 Rxc6 32. Rxc6 Ke7 33. f4 Bh8 34. Kf3 Bg7 35. Rd2 Bh8 36. Rc8 Bg7 37. Rcd8 e5 38. fxe5 Bxe5 39. R2d7+ Ke6 40. Rxe8+ Kxd7 41. Rxe5 a5 42. Ke4 Kd6 43. Kd4 a4 44. Re3 b5 45. Kc3 a3 46. Kb3 b4 47. Re2 Kc5 48. Rf2 Kd4 49. Rxf7 1-0

[Event "EU-ch U18 Girls"]
[Site "Albena"]
[Date "2011.09.19"]
[Round "8"]
[White "Adamowicz, Katarzyna"]
[Black "Guliyeva, Sabina Ilqar"]
[Result "0-1"]
[WhiteElo "2077"]
[BlackElo "2007"]
[PlyCount "100"]
[EventDate "2011.09.11"]
[EventType "swiss"]
[EventRounds "9"]
[EventCountry "BUL"]
[SourceTitle "CBM 144 Extra"]
[Source "ChessBase"]
[SourceDate "2011.10.28"]
[SourceVersion "1"]
[SourceVersionDate "2011.10.28"]
[SourceQuality "1"]

1. Nf3 b5 2. d4 Bb7 3. e3 a6 4. c4 b4 5. Bd3 Nf6 6. 0-0 e6 7. Nbd2 c5 8. dxc5 Bxc5 9. b3 0-0 10. Bb2 d6 11. Qc2 h6 12. Rad1 Nbd7 13. Ne4 Nxe4 14. Bxe4 Bxe4 15. Qxe4 Qe7 16. Nd4 Ne5 17. Ne2 f5 18. Qc2 Nd7 19. Nf4 Qf7 20. Qe2 a5 21. Qf3 e5 22. Nd5 Ra7 23. h4 Re8 24. Kh1 Nf8 25. Qg3 Re6 26. Rde1 Qh5 27. Qh3 Rg6 28. f3 Rf7 29. Bc1 Kh7 30. Rg1 Re6 31. Ref1 Ng6 32. g3 Re8 33. Bd2 f4 34. Qg4 Qxg4 35. fxg4 f3 36. h5 Nf8 37. Bc1 Ne6 38. Rd1 Ng5 39. Rgf1 Ne4 40. Kh2 f2 41. Bd2 Rf3 42. a3 bxa3 43. Bxa5 Nxg3 44. b4 Nxf1+ 45. Rxf1 Bxe3 46. Nxe3 Rxe3 47. Rxf2 Rb3 48. Rf1 Rc8 49. Rc1 a2 50. Ra1 Rb2+ 0-1

[Event "EU-ch U18 Girls"]
[Site "Albena"]
[Date "2011.09.18"]
[Round "7"]
[White "Guliyeva, Sabina Ilqar"]
[Black "Voit, Daria"]
[Result "1/2-1/2"]
[WhiteElo "2007"]
[BlackElo "2315"]
[PlyCount "95"]
[EventDate "2011.09.11"]
[EventType "swiss"]
[EventRounds "9"]
[EventCountry "BUL"]
[SourceTitle "CBM 144 Extra"]
[Source "ChessBase"]
[SourceDate "2011.10.28"]
[SourceVersion "1"]
[SourceVersionDate "2011.10.28"]
[SourceQuality "1"]

1. e4 c6 2. d4 d5 3. e5 Bf5 4. Nc3 e6 5. h4 h5 6. Be2 c5 7. Nf3 Nc6 8. Be3 Qb6 9. Na4 Qa5+ 10. c3 c4 11. 0-0 Nh6 12. b4 Qc7 13. Nb2 Be7 14. Qc1 Ng4 15. Bf4 0-0-0 16. Nd1 Rdg8 17. Ne3 Nd8 18. g3 Nxe3 19. Qxe3 Qd7 20. a4 f6 21. exf6 gxf6 22. Rfe1 Nf7 23. Bf1 Bd6 24. Bg2 Qc7 25. Bxd6 Qxd6 26. Nd2 Kd7 27. b5 Bg4 28. a5 Nh6 29. Nf1 Rg6 30. f3 Bf5 31. Qf2 Rhg8 32. f4 R8g7 33. Ra2 Bd3 34. Bh3 Bxf1 35. Bxe6+ Kd8 36. Kxf1 f5 37. Rae2 Rxg3 38. Re5 Kc7 39. Bxd5 Rxc3 40. Bf3 Rd3 41. b6+ axb6 42. axb6+ Qxb6 43. Rc5+ Kd8 44. Qe2 Qg6 45. Rd5+ Kc8 46. Rc5+ Kd8 47. Rd5+ Kc8 48. Rc5+ 1/2-1/2

[Event "EU-ch U18 Girls"]
[Site "Albena"]
[Date "2011.09.14"]
[Round "4"]
[White "Foisor, Mihaela Veronica"]
[Black "Guliyeva, Sabina Ilqar"]
[Result "1/2-1/2"]
[WhiteElo "2205"]
[BlackElo "2007"]
[PlyCount "89"]
[EventDate "2011.09.11"]
[EventType "swiss"]
[EventRounds "9"]
[EventCountry "BUL"]
[SourceTitle "CBM 144 Extra"]
[Source "ChessBase"]
[SourceDate "2011.10.28"]
[SourceVersion "1"]
[SourceVersionDate "2011.10.28"]
[SourceQuality "1"]

1. d4 Nf6 2. c4 g6 3. Nc3 d5 4. cxd5 Nxd5 5. Bd2 Bg7 6. e4 Nb6 7. Be3 0-0 8. Be2 e5 9. Nf3 exd4 10. Nxd4 Bd7 11. 0-0 Nc6 12. Ndb5 Ne5 13. Bc5 Re8 14. Bxb6 axb6 15. f4 Bxb5 16. Nxb5 Nc6 17. e5 Qe7 18. Qc2 Bf8 19. Bf3 Qc5+ 20. Qxc5 Bxc5+ 21. Kh1 Re7 22. Rfd1 Kg7 23. a3 f6 24. exf6+ Kxf6 25. Rac1 Rd8 26. Rxd8 Nxd8 27. b4 Be3 28. Rxc7 Bxf4 29. Rxe7 Kxe7 30. g3 Be5 31. Kg2 Nc6 32. Kf2 Nd4 33. Nxd4 Bxd4+ 34. Ke2 b5 35. Bxb7 Bb2 36. Kd3 Bxa3 37. Kc3 Kd6 38. Be4 Bc1 39. g4 h5 40. gxh5 gxh5 41. Bg6 h4 42. Be8 h3 43. Bxb5 Bf4 44. Bf1 Bxh2 45. Bxh3 1/2-1/2

[Event "EU-ch (Women) 12th"]
[Site "Tbilisi"]
[Date "2011.05.18"]
[Round "11"]
[White "Ghukasyan, Siranush"]
[Black "Guliyeva, Sabina Ilqar"]
[Result "0-1"]
[WhiteElo "1766"]
[BlackElo "2040"]
[PlyCount "64"]
[EventDate "2011.05.07"]
[EventType "swiss"]
[EventRounds "11"]
[EventCountry "GEO"]
[SourceTitle "CBM 142 Extra"]
[Source "ChessBase"]
[SourceDate "2011.06.27"]
[SourceVersion "1"]
[SourceVersionDate "2011.06.27"]
[SourceQuality "1"]

1. e4 c5 2. Nf3 Nc6 3. Bb5 g6 4. Bxc6 dxc6 5. d3 Bg7 6. h3 e5 7. 0-0 Ne7 8. Be3 b6 9. a4 h6 10. a5 Be6 11. Na3 0-0 12. Nc4 Qc7 13. Nh2 f5 14. f3 f4 15. Bf2 g5 16. h4 gxh4 17. Bxh4 Ng6 18. Qe1 b5 19. Nd2 Nxh4 20. Qxh4 Rf6 21. Qf2 Bf8 22. Qe2 Rg6 23. Rf2 Qg7 24. Kh1 Be7 25. Rff1 Kh7 26. Rg1 Rg8 27. Qf2 Rg5 28. Ndf1 Bh3 29. Ng4 Bxg4 30. fxg4 Rxg4 31. Nh2 Rh4 32. Rgd1 Qg5 0-1

[Event "EU-ch (Women) 12th"]
[Site "Tbilisi"]
[Date "2011.05.13"]
[Round "7"]
[White "Kakutia, Ada"]
[Black "Guliyeva, Sabina Ilqar"]
[Result "1-0"]
[WhiteElo "1727"]
[BlackElo "2040"]
[PlyCount "125"]
[EventDate "2011.05.07"]
[EventType "swiss"]
[EventRounds "11"]
[EventCountry "GEO"]
[SourceTitle "CBM 142 Extra"]
[Source "ChessBase"]
[SourceDate "2011.06.27"]
[SourceVersion "1"]
[SourceVersionDate "2011.06.27"]
[SourceQuality "1"]

1. e4 c5 2. c3 d5 3. exd5 Qxd5 4. d4 cxd4 5. cxd4 Nc6 6. Nf3 Bg4 7. Be2 e6 8. Nc3 Qa5 9. 0-0 Nf6 10. Be3 Be7 11. Qb3 Rb8 12. h3 Bxf3 13. Bxf3 0-0 14. d5 Ne5 15. Be2 Nxd5 16. Nxd5 exd5 17. Rfd1 Rfd8 18. Bb5 a6 19. Be2 Rd7 20. Bb6 Qb4 21. Qxb4 Bxb4 22. f4 Nc6 23. Bg4 Re7 24. Rxd5 f6 25. Kf1 Re4 26. Bf3 Ree8 27. Rd7 Re7 28. Rad1 Kf8 29. a3 Rxd7 30. Rxd7 Be7 31. Ke2 g6 32. g4 Ke8 33. Rxb7 Rc8 34. Kd3 Nd8 35. Ra7 Ne6 36. Be3 Rd8+ 37. Ke2 Nd4+ 38. Kf2 Nxf3 39. Kxf3 Rd3 40. Ra8+ Kf7 41. Ke4 Rb3 42. Bd4 Rxh3 43. Rxa6 Rb3 44. Rb6 Rg3 45. a4 Bd8 46. Rb7+ Ke6 47. Bb6 f5+ 48. gxf5+ gxf5+ 49. Kd4 Rb3 50. a5 Rxb2 51. Rxh7 Bf6+ 52. Kc5 Ra2 53. Kc6 Bc3 54. Kb5 Rb2+ 55. Kc4 Be1 56. a6 Rb4+ 57. Kd3 Rb3+ 58. Ke2 Ra3 59. a7 Bc3 60. Re7+ Kd6 61. Re8 Kc6 62. Be3 Ra2+ 63. Kd3 1-0

[Event "EU-ch U18 Girls"]
[Site "Batumi"]
[Date "2010.09.23"]
[Round "4"]
[White "Guliyeva, Sabina Ilqar"]
[Black "Torosyan, Lusine"]
[Result "1-0"]
[WhiteElo "2010"]
[BlackElo "1945"]
[PlyCount "71"]
[EventDate "2010.09.20"]
[EventType "swiss"]
[EventRounds "9"]
[EventCountry "GEO"]
[SourceTitle "CBM 138 Extra"]
[Source "ChessBase"]
[SourceDate "2010.10.29"]
[SourceVersion "1"]
[SourceVersionDate "2010.10.29"]
[SourceQuality "1"]

1. e4 c6 2. d4 d5 3. e5 Bf5 4. Bd3 Bxd3 5. Qxd3 e6 6. Nc3 Ne7 7. Nge2 Nd7 8. 0-0 a6 9. Na4 Qa5 10. b3 c5 11. Nxc5 Nxc5 12. dxc5 Nc6 13. Bb2 Bxc5 14. Nf4 Qc7 15. Qg3 g6 16. Nd3 Be7 17. a4 h5 18. Rac1 h4 19. Qe3 Rh5 20. c4 Rd8 21. cxd5 Rxd5 22. Nf4 Rdxe5 23. Bxe5 Rxe5 24. Qc3 Bf6 25. Nd3 Rf5 26. Qc4 Qb8 27. b4 g5 28. b5 axb5 29. axb5 Nd4 30. Nc5 h3 31. g3 Nf3+ 32. Kh1 Nd2 33. Qd3 Rd5 34. Qh7 Ke7 35. Rfe1 Nf3 36. Rxe6+ 1-0

[Event "Tbilisi Cup"]
[Site "Tbilisi"]
[Date "2010.05.15"]
[Round "1"]
[White "Arutinian, David"]
[Black "Guliyeva, Sabina Ilqar"]
[Result "1-0"]
[WhiteElo "2566"]
[BlackElo "1973"]
[PlyCount "69"]
[EventDate "2010.05.15"]
[EventType "swiss"]
[EventRounds "9"]
[EventCountry "GEO"]
[SourceTitle "CBM 136 Extra"]
[Source "ChessBase"]
[SourceDate "2010.07.02"]
[SourceVersion "2"]
[SourceVersionDate "2010.07.15"]
[SourceQuality "1"]

1. d4 d5 2. c4 e6 3. Nf3 Nf6 4. Nc3 b6 5. Bg5 Be7 6. e3 0-0 7. cxd5 Nxd5 8. Nxd5 exd5 9. Bxe7 Qxe7 10. Rc1 Be6 11. Bd3 h6 12. Bb1 Qb4+ 13. Nd2 Qxb2 14. Rc2 Qb5 15. Rxc7 Na6 16. Rc3 Rfc8 17. Rb3 Qa5 18. 0-0 Rc3 19. Nf3 Rac8 20. Ne5 Rxb3 21. Qxb3 Rc3 22. Qd1 Nb4 23. f4 f5 24. Qh5 Qb5 25. Bxf5 Bxf5 26. Qf7+ Kh8 27. Qf8+ Kh7 28. Qxf5+ Kg8 29. Qf7+ Kh7 30. f5 Qe2 31. Qg6+ Kg8 32. f6 Qxe3+ 33. Kh1 Rc7 34. f7+ Kf8 35. Qd6+ 1-0

[Event "Wch U16 Girls"]
[Site "Vung Tau"]
[Date "2008.10.26"]
[Round "7"]
[White "Guliyeva, Sabina Ilqar"]
[Black "Newrkla, Katharina"]
[Result "0-1"]
[WhiteElo "2004"]
[BlackElo "2071"]
[PlyCount "68"]
[EventDate "2008.10.20"]
[EventType "swiss"]
[EventRounds "11"]
[EventCountry "VIE"]
[SourceTitle "EXT 2009"]
[Source "ChessBase"]
[SourceDate "2008.11.26"]
[SourceVersion "1"]
[SourceVersionDate "2008.11.26"]
[SourceQuality "1"]

1. e4 c5 2. Nc3 Nc6 3. f4 g6 4. Nf3 Bg7 5. Bc4 e6 6. f5 Nge7 7. fxe6 fxe6 8. d3 d5 9. Bb3 b5 10. exd5 exd5 11. 0-0 Bxc3 12. bxc3 c4 13. Ng5 Bf5 14. g4 h6 15. Nh3 Qb6+ 16. Kh1 Bd7 17. Qe2 cxb3 18. Ba3 b4 19. cxb4 Nd4 20. Qe5 0-0-0 21. Qxe7 Bxg4 22. Ng1 Nf5 23. Qe5 Rhe8 24. Qf4 Ne3 25. Rfe1 g5 26. Qg3 h5 27. cxb3 h4 28. Rac1+ Kb7 29. Qf2 d4 30. Qf7+ Kb8 31. b5 Be6 32. Qg7 Bd5+ 33. Nf3 Bxf3+ 34. Kg1 Qe6 0-1

[Event "Wch U16 Girls"]
[Site "Vung Tau"]
[Date "2008.10.21"]
[Round "2"]
[White "Bhakti, Kulkarni"]
[Black "Guliyeva, Sabina Ilqar"]
[Result "1-0"]
[WhiteElo "2163"]
[BlackElo "2004"]
[PlyCount "93"]
[EventDate "2008.10.20"]
[EventType "swiss"]
[EventRounds "11"]
[EventCountry "VIE"]
[SourceTitle "EXT 2009"]
[Source "ChessBase"]
[SourceDate "2008.11.26"]
[SourceVersion "1"]
[SourceVersionDate "2008.11.26"]
[SourceQuality "1"]

1. d4 d5 2. c4 e6 3. cxd5 exd5 4. Nc3 Nf6 5. Bg5 Be7 6. Qc2 0-0 7. e3 h6 8. Bh4 c6 9. Bd3 Re8 10. Nge2 Nbd7 11. 0-0 Nh5 12. Bxe7 Qxe7 13. a3 Qh4 14. Ng3 Nxg3 15. fxg3 Qg5 16. Bh7+ Kf8 17. Rae1 Nf6 18. Rf3 Bg4 19. h4 Qh5 20. Rf4 Re7 21. Bd3 Rae8 22. Qd2 Ne4 23. Nxe4 dxe4 24. Bc4 b5 25. Bb3 Be6 26. Bc2 Bd5 27. Ref1 Bc4 28. R1f2 Kg8 29. Qb4 Qd5 30. b3 Bd3 31. Rf5 Qd7 32. Bd1 Qc7 33. R2f4 Rd8 34. Qc5 Qd6 35. Qc1 Qc7 36. Rc5 Rd6 37. Qc3 Qd7 38. Bg4 Qe8 39. h5 g6 40. Bd1 Ree6 41. Bg4 Rf6 42. Rxf6 Rxf6 43. d5 Rf1+ 44. Kh2 f5 45. Bh3 f4 46. gxf4 g5 47. Rxc6 1-0